000
00320nam a22001457a 4500
008
210427b ||||| |||| 00| 0 eng d
020
_a
9780697121448
041
_a
eng
080
_a
541
082
_a
541
100
_a
12
101
_a
KIM
245
_a
General Chemistry
_c
Uno Kask, J. David Rawn
942
_2
udc
_c
BK
999
_c
56852
_d
56852